02698nkc a2200385za 450000100060000000300040000600500170001000700070002700800410003404000240007510000410009924500460014026000240018630001000021050002640031050001930057450000650076750001340083250001690096650000620113550400520119750500440124951001510129351002100144456101310165461000640178565100260184965500400187570000600191585200120197585601500198794200250213795201330216299900170229584520OSt20260320103952.0kh boc250410s19101911sp ||||| ||||||0| i|spa d aM-RABAbspacM-RABA aElorza, Lorenzod(1861-1931)9111068 aLasarteb: Puerta de la iglesia c/ L. E. c[ca. 1910 – 1911] a1 fotografíab: gelatina de platac; imagen 12 x 16,5 cmc; soporte secundario 21,5 x 26,5 cm aVista de la portada de la iglesia parroquial de Nuestra Señora de la Asunción en Lasarte, compuesta por un arco apuntado y cuatro arquivoltas, tres de ellas baquetonadas. Frente a la puerta figura Carlos Baraibar Ezpondaburu, sobrino de Federico Baraibar. aFotografía montada sobre soporte secundario de cartulina azul enmarcada con orla en relieve. Título y numeración manuscrita que hace referencia a la posición en la serie “101”. aSello con monograma del fotógrafo en tinta roja “L.E.” aFechas tomadas de la ejecución del positivo de las fotografías, incluido el soporte secundario. (Soto Madrazo, Javier. 2008). aForma parte de un conjunto de 167 fotografías empleadas por Federico Baráibar Zumárraga para la elaboración del Inventario del Románico en Álava (1911). aEl centro de la fotografía está algo tintado de rojo. aBaraibar, F.: "Rincones artísticos", M. 1914. aLasarte.- Puerta de la Iglesia. / L. E. aDescripción tomada de: Soto Madrazo, Javier (2008). Federico Baraibar y el Inventario del Románico en Álava: una caja con 167 fotografías. aEsta colección fue utilizada posteriormente por Cristóbal de Castro para la elaboración y publicación del "Catálogo Monumental de España: provincia de Álava", Madrid, S. de Rivadeneira, 1915. aDonadas junto con la memoria manuscrita a la Academia por el mismo Baraibar (Sesión 12 de febrero de 1912, Archivo: 4-32-1).20aIglesia Nuestra Señora de la Asunción (Lasarte)9111631 7aÁlava2embne975661 0aFotografías de monumentos91115801 aBaráibar y Zumárraga, Federico d(1851-1918)912926 jFot-210 3Fot-210uhttps://archivoybiblioteca.realacademiabellasartessanfernando.com/cgi-bin/koha/opac-retrieve-file.pl?id=26e4028f44b3338ca06c01bfc55496e3 2ddccFOTOGRAFÍAn0 00102ddc40708FOTOGRAFIAaRABASFbRABASFcDP2d2025-04-22l0oFot-210p1095399r2025-04-22 11:27:27w2025-04-22yFOTOGRAFÍA c84520d84520